000 00698nam a2200241Ia 4500
005 20260430150326.0
008 008 250103s9999 xx 000 0 eng d
037 _aTheses
040 _aCRL
040 _beng
040 _ceng
041 _2eng
041 _aeng
084 _qCRL
100 _aSharma Deepika Au.; Sharma Arun K. Gu.; Raghuvanshi Saurabh Gu.
_91237154
245 0 _aCharacterization of miRNAs Regulating the Flowering Time in Rice
260 _c2022
300 _a203
650 _aBiology; Plants
700 _aUniversity of Delhi. Faculty of Inter- Disciplinary & Applied Science. Deptt. of Plant Moleculer Biology
942 _cTH
999 _c1849518
_d1849518